| 000 | 00000nam##2200000za#4500 |
| 001 | 9.625744 |
| 003 | CaOODSP |
| 005 | 20200421163416 |
| 007 | ta |
| 008 | 150406|2001||||xxc||||| f|0| 0 fre|d |
| 020 | |a0-662-86129-9 |
| 040 | |aCaOODSP|bfre |
| 043 | |an-cn--- |
| 086 | 1 |aNH18-24/22F |
| 110 | 2 |aSociété canadienne d'hypothèques et de logement. |
| 245 | 13|aLe filtre de votre générateur d'air chaud |
| 260 | |aOttawa - Ontario : |bSociété canadienne d'hypothèques et de logement |c2001. |
| 300 | |a4p. : |btableaux ; |c28 cm. |
| 490 | 1 |aVotre maison |vCF22 |
| 563 | |aDépliant |
| 590 | |a01-30|b2001-07-27 |
| 691 | 07|aChauffage|2gcpds |
| 691 | 07|aQualité de l'air|2gcpds |
| 775 | 08|tYour furnace filter |w(CaOODSP)9.615719 |
| 776 | 0#|tLe filtre de votre générateur d'air chaud |w(CaOODSP)9.602219 |
| 830 | #0|aVotre maison ;|vCF22|w(CaOODSP)9.513181 |